Stress ! learn to manage it / (Record no. 63980)

MARC details
000 -LEADER
fixed length control field 00499nam a22001697a 4500
005 - DATE AND TIME OF LATEST TRANSACTION
control field 20200317131234.0
010 ## - LCCN (DPL NO)
LC control number B-165987
020 ## - INTERNATIONAL STANDARD BOOK NUMBER
International Standard Book Number 8181500261
Terms of availability 250.00
035 ## - SYSTEM CONTROL NUMBER
System control number B-165981, B-165986, B-165987, B-165988
035 ## - SYSTEM CONTROL NUMBER
System control number B-165982
037 ## - SOURCE OF ACQUISITION
Stock number DPL
Source of stock number/acquisition ENG
100 ## - MAIN ENTRY--PERSONAL NAME
Personal name Dhar, Neera
245 ## - TITLE STATEMENT
Title Stress ! learn to manage it /
Statement of responsibility, etc by Neera Dhar
260 ## - PUBLICATION, DISTRIBUTION, ETC. (IMPRINT)
Place of publication, distribution, etc New Delhi
Name of publisher, distributor, etc Aravali Books International (P) Ltd.
Date of publication, distribution, etc 2005
300 ## - PHYSICAL DESCRIPTION
Extent 217p.
Dimensions 20 cms.
942 ## - ADDED ENTRY ELEMENTS (KOHA)
Source of classification or shelving scheme Dewey Decimal Classification
Item type English Books
Classification part 155.9042
Call number suffix DHA
Holdings
Withdrawn status Lost status Not for loan Collection code Home library Current library Date acquired Cost, normal purchase price Full call number Barcode Cost, replacement price Koha item type Source of acquisition Copy number
      Non-fiction R.K.Puram-8 R.K.Puram-8 17/03/2020 250.00 155.9042 DHA B-165982 250.00 English Books BPPD/PURCHASE 1
      Non-fiction Sarojini Nagar Sarojini Nagar 12/03/2012 250.00 155.9042 DHA B-165981 250.00 English Books    
      Non-fiction Shahdara Branch Shahdara Branch 20/08/2018 250.00 155.9042 DHA B-165986 250.00 English Books BPPD/PUB  
      Non-fiction Vigyan Vihar Vigyan Vihar 27/11/2018 250.00 155.9042 DHA B-165988 250.00 English Books BPPD/PUB  
      Non-fiction Yojana Vihar Yojana Vihar 06/11/2018 250.00 155.9042 DHA B-165987 250.00 English Books BPPD/PUB  

© Delhi Public Library
Hit Counter
free hit counter